| 000 | 00771nam a2200241Ia 4500 | ||
|---|---|---|---|
| 003 | OSt | ||
| 005 | 20220923210948.0 | ||
| 006 | a|||||r|||| 00| 0 | ||
| 007 | ta | ||
| 008 | Pun | ||
| 020 | _a812600570X (pbk) | ||
| 024 | _a235,021 | ||
| 037 | _cTextual | ||
| 040 |
_aARTS _cARTS _bPun |
||
| 041 |
_2Pun _aPun |
||
| 082 | _aO33,3N38,1, 153N8 | ||
| 100 |
_aਕੇ ਪੀ ਪੂਰਨਚੰਦਰ; ਜੌਲੀ, ਲਵਲੀਨ, ੳਗ. _9156579 |
||
| 245 | 0 | _aਚਿਦੰਬਰ ਰਹੱਸ | |
| 260 |
_aਦਿੱਲੀ _b ਸਾਹਿਤ ਅਕਾਦੇਮੀ _c1998 |
||
| 300 |
_a192ਪੰ _ccm. |
||
| 942 |
_hO33,3N38,1, 153N8 _cTEXL _2CC |
||
| 999 |
_c293210 _d293210 |
||